00731cam a2200253 a 45000010009000000050017000090080041000260100017000670200030000840400013001140410008001270420008001350430012001430800008001550820016001631000007001791010008001862450049001945040051002439060045002949420012003399990017003519520109003681493803320171215042220.0070723s2008 mauab b 001 0 eng  a 2007933542 a9780618994625 (hardcover) aDLCcDLC aeng apcc an-us--- a97300a973 BER223 a16 aHIS00aMaking America :cCarol Berkin ... [et al.]. aIncludes bibliographical references and index. a7bcbccorignewd2eepcnf20gy-gencatlg 2ddccBK c38979d38979 00102udc40708PËKGa002b002cPËKGd2017-12-15l0o973 BERp002-29590r2017-12-15w2017-12-15yBK